| 000 | 01364nam a22003497a 4500 | ||
|---|---|---|---|
| 003 | CHAP | ||
| 005 | 20220329140516.0 | ||
| 008 | 971013s1965 r 10010 d | ||
| 010 | _a53064 | ||
| 011 | _a54036 | ||
| 035 | _a58186 | ||
| 040 | _cCHAP | ||
| 082 |
_a621.489 _bS55 1964 |
||
| 111 | 0 | 0 |
_aSimposio Interamericano sobre la Aplicación de la Energía Nuclear para fines Pacíficos ( _n5 _d: 1964 _c: Valparaíso) _9106248 |
| 245 | _a5th Inter-American symposium on the peaceful application of nuclear energy | ||
| 260 |
_aWashington : _bPan-American Union, _c1965 |
||
| 300 |
_a296 p. _b: ilus. |
||
| 590 |
_aBATCH-UPD _b10 _c20130109 _lUCH01 _h2319 |
||
| 590 |
_aBATCH-UPD _b10 _c20130110 _lUCH01 _h0354 |
||
| 590 |
_aBATCH-UPD _b10 _c20130110 _lUCH01 _h2257 |
||
| 590 |
_aBATCH-UPD _b10 _c20130409 _lUCH01 _h1841 |
||
| 590 |
_aBATCH-UPD _b10 _c20130410 _lUCH01 _h0027 |
||
| 590 |
_aBATCH-UPD _b10 _c20130410 _lUCH01 _h1550 |
||
| 590 |
_aBATCH-UPD _b10 _c20130914 _lUCH01 _h1306 |
||
| 590 |
_aCONVERSION _b10 _c20130109 _lUCH01 _h1329 |
||
| 650 | 1 | 4 |
_aEnergía atómica _xInvestigación. _936896 |
| 710 | 0 |
_aComisión Interamericana de Energía Nuclear. _925736 |
|
| 901 | _aBK | ||
| 942 | _cLIBRO | ||
| 949 |
_a621.489 S55 1964 _bBC _cLIBRO _d33724000017109 _eLIBRO _h18670 _i58186 _mD _si |
||
| 949 |
_a621.489 S55 1964 _bBC _cLIBRO _d33724000017117 _eLIBRO _h18669 _i58186 _mD _si |
||
| 999 |
_c53064 _d53064 |
||